Sports Quiz

Random Sports or NFL Quiz

NFL Most Passing Yards By Age Quiz Stats

 Plays Quiz Updated Feb 6, 2018

Challenge
Share
Tweet
Embed
Score 0/123 Timer 07:00
7 Plays Today
% Correct
Peyton Manning
98.7%
Peyton Manning
98.7%
Peyton Manning
98.7%
Peyton Manning
98.7%
Peyton Manning
98.7%
Peyton Manning
98.7%
Eli Manning
98.5%
Peyton Manning
98.2%
Tom Brady
98.1%
Tom Brady
98.1%
Tom Brady
98.1%
Eli Manning
98%
Tom Brady
97.9%
Tom Brady
97.8%
Drew Brees
96.9%
Drew Brees
96.9%
Drew Brees
96.9%
Drew Brees
96.9%
Matthew Stafford
96.6%
Brett Favre
96.6%
Brett Favre
96.6%
Brett Favre
96.6%
Brett Favre
96.6%
Brett Favre
96.6%
Brett Favre
96.6%
Brett Favre
96.6%
Drew Brees
96.2%
Drew Brees
96.1%
Philip Rivers
96%
Drew Brees
95.9%
Drew Brees
95.8%
Dan Marino
95%
Dan Marino
95%
Dan Marino
95%
Dan Marino
95%
Dan Marino
95%
Aaron Rodgers
95%
Aaron Rodgers
94.8%
Aaron Rodgers
94.8%
Aaron Rodgers
94.8%
Matthew Stafford
93.8%
% Correct
Matthew Stafford
93.8%
Ben Roethlisberger
93.7%
Andrew Luck
93.2%
Tom Brady
92.9%
Philip Rivers
92.8%
Philip Rivers
92.8%
Matt Ryan
92.4%
Matt Ryan
92.4%
Philip Rivers
92.4%
Tony Romo
92.4%
Drew Brees
92%
Matt Ryan
91.7%
Kurt Warner
91.5%
Kurt Warner
91.5%
Kurt Warner
91.5%
Andy Dalton
91.5%
Jameis Winston
91.1%
Cam Newton
90.4%
Ben Roethlisberger
89.7%
Drew Bledsoe
89.1%
Drew Bledsoe
89.1%
Drew Bledsoe
89.1%
Ben Roethlisberger
88.7%
Peyton Manning
88%
Carson Palmer
87.8%
Carson Palmer
87.8%
Matt Ryan
86.9%
Blake Bortles
85%
Joe Flacco
84.6%
Kirk Cousins
83.9%
Tom Brady
82.4%
Matthew Stafford
81.7%
Daunte Culpepper
81.2%
Matt Schaub
81.1%
Jameis Winston
80.6%
Tom Brady
78.2%
Philip Rivers
77.7%
Josh Freeman
77.5%
Josh Freeman
77.5%
Warren Moon
77.3%
Warren Moon
77.3%
% Correct
Warren Moon
77.3%
Warren Moon
77.3%
Warren Moon
77.3%
Warren Moon
77.3%
Warren Moon
77.3%
Warren Moon
77.3%
Warren Moon
77.3%
Andrew Luck
74.6%
Josh Freeman
73.7%
Jay Cutler
73.2%
DeShone Kizer
72.8%
Vinny Testaverde
72.4%
Vinny Testaverde
72.4%
Vinny Testaverde
72.4%
Vinny Testaverde
72.4%
Vinny Testaverde
72.4%
Rich Gannon
71.9%
Philip Rivers
69.1%
Dan Fouts
66.9%
Dan Fouts
66.9%
Tony Romo
66.8%
Peyton Manning
65.7%
Fran Tarkenton
65%
Mark Brunell
61.3%
Peyton Manning
56.9%
Drew Brees
54%
Doug Flutie
50%
Doug Flutie
50%
Doug Flutie
50%
Doug Flutie
50%
Matt Hasselbeck
34.4%
George Blanda
32.7%
George Blanda
32.7%
George Blanda
32.7%
George Blanda
32.7%
Jim Everett
31.9%
Scott Mitchell
29.3%
Steve DeBerg
17.2%
Neil Lomax
15.6%
Earl Morrall
13.8%
Vince Evans
6.8%

You're not logged in!

Compare scores with friends on all Sporcle quizzes.
Join for Free
OR
Log In

You Might Also Like...

Show Comments

Extras

Top Quizzes Today


Score Distribution

Your Account Isn't Verified!

In order to create a playlist on Sporcle, you need to verify the email address you used during registration. Go to your Sporcle Settings to finish the process.

Report this User

Report this user for behavior that violates our Community Guidelines.

Details: